000 00319nam a2200097Ia 4500
008 220204s9999 xx 000 0 und d
082 _bORG.42
245 0 _aOrganic synthesis: An annual publication of satisfactory methods for the preparation of organic chemicals. V 42
260 _aLondon
_bJohn Wiley
_c1962
942 _cBK
999 _c20628
_d20628